Gallenkamp-Towers (Record no. 550393)
[ view plain ]
| 000 -LEADER | |
|---|---|
| fixed length control field | 00372nam a22001457a 4500 |
| 082 ## - DEWEY DECIMAL CLASSIFICATION NUMBER | |
| Classification number | 502.80294 |
| Author Mark | GAL |
| -- | L-31, P-69 |
| 100 ## - MAIN ENTRY--PERSONAL NAME | |
| Personal name | Gallenkamp-Towers |
| 9 (RLIN) | 47093 |
| 245 ## - TITLE STATEMENT | |
| Title | Gallenkamp-Towers |
| 250 ## - EDITION STATEMENT | |
| Edition statement | 14 Ed: |
| 260 ## - PUBLICATION, DISTRIBUTION, ETC. | |
| Place of publication, distribution, etc. | LONDON. |
| Name of publisher, distributor, etc. | GARDEN CITY PRESS LTD. |
| 300 ## - PHYSICAL DESCRIPTION | |
| Extent | 958P. |
| Other physical details | ill. |
| 526 ## - STUDY PROGRAM INFORMATION NOTE | |
| Program name | 0 |
| Interest level | 0 |
| Reading level | 0 |
| Title point value | 502_802940000000000_GAL |
| 650 ## - SUBJECT ADDED ENTRY--TOPICAL TERM | |
| Topical term or geographic name entry element | MCE |
| 9 (RLIN) | 379 |
| 942 ## - ADDED ENTRY ELEMENTS (KOHA) | |
| Source of classification or shelving scheme | |
| Koha item type | Book |
| Withdrawn status | Lost status | Source of classification or shelving scheme | Damaged status | Not for loan | Permanent Location | Current Location | Date acquired | Total Checkouts | Full call number | Barcode | Date last seen | Price effective from | Koha item type |
|---|---|---|---|---|---|---|---|---|---|---|---|---|---|
| Military College of Engineering (MCE) | Military College of Engineering (MCE) | 11/07/2014 | 502.80294 GAL | MCE-40080 | 11/07/2014 | 11/07/2014 | Book |
